Cities still slumbering (Record no. 67176)

MARC details
000 -LEADER
fixed length control field 01557cam a2200277 4500
001 - CONTROL NUMBER
control field ABS64061
008 - FIXED-LENGTH DATA ELEMENTS--GENERAL INFORMATION
fixed length control field 000000n2001 000 0 eng u
035 ## - SYSTEM CONTROL NUMBER
System control number (Sirsi) u112851
100 ## - MAIN ENTRY--PERSONAL NAME
Personal name Forrest, E
245 ## - TITLE STATEMENT
Title Cities still slumbering
260 ## - PUBLICATION, DISTRIBUTION, ETC.
Date of publication, distribution, etc. 2001
490 ## - SERIES STATEMENT
Series statement Construction News
Volume/sequential designation (6716) 17 May 2001, 10-11(2)
520 ## - SUMMARY, ETC.
Summary, etc. Urban regeneration companies (URCs) in Liverpool, Manchester and Sheffield were created to co-ordinate regeneration in neglected city centres through close links with local authorities, regional development agencies and English Partnerships. Article reports on the slow progress of the three URCs, and outlines why they are failing to meet expectations. Suggests that URCs lack real power to push regeneration initiatives forward and instead have to rely on their partners. This can make the process slow and cumbersome, particularly if relations with local authorities are difficult. Highlights the other major difficulty as insufficient resources, and argues that URCs will not be able to deliver regeneration schemes without a continuous cash flow. Brief description outlining the development work of the three URCs; Liverpool Vision, New East Manchester and Sheffield One.
590 ## - LOCAL NOTE (RLIN)
Local note ABS
650 ## - SUBJECT ADDED ENTRY--TOPICAL TERM
Topical term or geographic name entry element URBAN REGENERATION COMPANIES
650 ## - SUBJECT ADDED ENTRY--TOPICAL TERM
Topical term or geographic name entry element REGENERATION SCHEMES
650 ## - SUBJECT ADDED ENTRY--TOPICAL TERM
Topical term or geographic name entry element URBAN RENEWAL
650 ## - SUBJECT ADDED ENTRY--TOPICAL TERM
Topical term or geographic name entry element MANCHESTER
650 ## - SUBJECT ADDED ENTRY--TOPICAL TERM
Topical term or geographic name entry element LIVERPOOL
650 ## - SUBJECT ADDED ENTRY--TOPICAL TERM
Topical term or geographic name entry element SHEFFIELD
650 ## - SUBJECT ADDED ENTRY--TOPICAL TERM
Topical term or geographic name entry element PARTNERS
650 ## - SUBJECT ADDED ENTRY--TOPICAL TERM
Topical term or geographic name entry element LOCAL AUTHORITIES
650 ## - SUBJECT ADDED ENTRY--TOPICAL TERM
Topical term or geographic name entry element CITY CENTRES
690 ## - LOCAL SUBJECT ADDED ENTRY--TOPICAL TERM (OCLC, RLIN)
Topical term or geographic name as entry element REGENERATION
942 ## - ADDED ENTRY ELEMENTS (KOHA)
Suppress in OPAC 0
Holdings
Withdrawn status Lost status Source of classification or shelving scheme Damaged status Not for loan Home library Current library Shelving location Date acquired Total Checkouts Full call number Barcode Date last seen Copy number Price effective from Koha item type
    Dewey Decimal Classification     London London Journal article 30/05/2001   ABS64061 112851-1001 06/08/2019 1 06/08/2019 Journal article